[Event "9. Poikovsky Karpov Tournament"]
[Site "Poikovsky RUS"]
[Date "2008.07.17"]
[Round "9.3"]
[White "Onischuk, Alexander"]
[Black "Jakovenko, Dmitrij"]
[Result "1/2-1/2"]
[WhiteElo "2670"]
[BlackElo "2709"]
[PlyCount "86"]
[EventDate "2008.07.08"]
[EventType "tourn"]
[EventRounds "9"]
[EventCountry "RUS"]
[EventCategory "18"]
[Source "lmi"]
[SourceDate "2008.07.08"]

1. d4 Nf6 2. c4 e6 3. Nf3 b6 4. g3 Ba6 5. b3 Bb4+ 6. Bd2 Be7 7. Bg2 d5 8. cxd5
exd5 9. O-O O-O 10. Nc3 Bb7 11. Bf4 Na6 12. Ne5 c5 13. Rc1 Re8 14. dxc5 Nxc5
15. Nb5 Ne6 16. Nd3 Rc8 17. Nxa7 Rxc1 18. Bxc1 Qa8 19. Nb5 Qxa2 20. Ba3 Nc5 21.
Nc1 Qb1 22. Bxc5 bxc5 23. Qd3 Qxd3 24. Nxd3 Rb8 25. Nc3 d4 26. Na4 Ba6 27. Re1
Bxd3 28. exd3 Kf8 29. Rb1 g5 30. Kf1 h5 31. h3 h4 32. gxh4 gxh4 33. Bf3 Bd6 34.
Ke2 Nh7 35. Rc1 Ng5 36. Bg4 Rb5 37. Bd7 Rxb3 38. Nxc5 Rc3 39. Rxc3 dxc3 40. Nb3
Ke7 41. Bg4 Kf6 42. Ke3 Ba3 43. d4 c2 1/2-1/2

[Event "9. Poikovsky Karpov Tournament"]
[Site "Poikovsky RUS"]
[Date "2008.07.17"]
[Round "9.4"]
[White "Volokitin, Andrei"]
[Black "Sutovsky, Emil"]
[Result "1/2-1/2"]
[WhiteElo "2672"]
[BlackElo "2654"]
[PlyCount "73"]
[EventDate "2008.07.08"]
[EventType "tourn"]
[EventRounds "9"]
[EventCountry "RUS"]
[EventCategory "18"]
[Source "lmi"]
[SourceDate "2008.07.08"]

1. e4 e5 2. Nf3 Nc6 3. Bb5 a6 4. Ba4 Nf6 5. O-O Nxe4 6. d4 b5 7. Bb3 d5 8. dxe5
Be6 9. Nbd2 Nc5 10. c3 Be7 11. Bc2 d4 12. cxd4 Nxd4 13. Nxd4 Qxd4 14. Nf3 Qxd1
15. Rxd1 O-O 16. Nd4 Rfd8 17. Be3 Bd5 18. Nf5 Bf8 19. Nd6 Bxg2 20. Bxc5 cxd6
21. exd6 Bf3 22. Rd2 g6 23. a4 Rac8 24. b4 Bh6 25. Rd3 Bc6 26. axb5 Bxb5 27.
Rdd1 Bf8 28. Ba4 Bxa4 29. Rxa4 Rc6 30. Ra3 f6 31. Kg2 Kf7 32. Rda1 Bxd6 33.
Rxa6 Rxa6 34. Rxa6 Bxc5 35. bxc5 Rc8 36. Ra7+ Ke6 37. Rxh7 1/2-1/2